LEADER 00966nam--2200337---450- 001 990000335560203316 010 $a0-8311-1176-3 035 $a0033556 035 $aUSA010033556 035 $a(ALEPH)000033556USA01 035 $a0033556 100 $a20010206d1987----km-y0itay0103----ba 101 $aeng 102 $aUS 105 $a||||||||001yy 200 1 $aApplication of metal cutting theory$fFryderyk E.Gorczyca 210 $aNew York$cIndustrial Press$dcopyr.1987 215 $aXV, 298 p.$d24 cm 461 1$1001-------$12001 606 0 $aMetalli$xTaglio 676 $a671.53 700 1$aGORCZYCA,$bFryderyk$0542883 912 $a990000335560203316 951 $a671.53 APP$b15817 Ing.$c671.53$d00069365 959 $aBK 969 $aTEC 979 $aTAMI$b40$c20010206$lUSA01$h1006 979 $c20020403$lUSA01$h1641 979 $aPATRY$b90$c20040406$lUSA01$h1623 996 $aApplication of metal cutting theory$9878067 997 $aUNISA LEADER 04537oam 2200733 c 450 001 996423849203316 005 20231110230801.0 010 $a3-8394-5504-9 024 7 $a10.14361/9783839455043 035 $a(CKB)5470000000557308 035 $a(DE-B1597)567715 035 $a(DE-B1597)9783839455043 035 $a(MiAaPQ)EBC6764187 035 $a(Au-PeEL)EBL6764187 035 $a(OCoLC)1257324939 035 $a(transcript Verlag)9783839455043 035 $a(MiAaPQ)EBC6956252 035 $a(Au-PeEL)EBL6956252 035 $a(oapen)https://directory.doabooks.org/handle/20.500.12854/70905 035 $a(MiAaPQ)EBC30591616 035 $a(Au-PeEL)EBL30591616 035 $a(EXLCZ)995470000000557308 100 $a20220221d2021 uy 0 101 0 $ager 135 $aur||||||||||| 181 $ctxt$2rdacontent 182 $cc$2rdamedia 183 $acr$2rdacarrier 200 00$aWa?hrung - Krise - Emotion$eKollektive Wahrnehmungsweisen von Wirtschaftskrisen$fSanne Ziethen, Nina Peter 205 $a1st ed. 210 $aBielefeld$ctranscript Verlag$d2021 215 $a1 online resource (330 p.) 225 0 $aEdition Kulturwissenschaft$v248 311 $a3-8376-5504-0 327 $tFrontmatter -- $tInhalt -- $tEinleitung -- $tDie Bedeutung ?technologischer Visionen? in der kapitalistischen Entwicklung -- $tDie Sozialität und Emotionalität des Geldes -- $tThesen zur Ir/Rationalität des Geldes -- $tGeld aus dem Nichts: Geldschöpfung der Banken und ihre Folgen für die Wirtschaft -- $tVom Trauma der Hyperinflation oder Der Schilling als ?heilige Kuh? -- $tDie Währungskrise als emotionale Krise -- $tErwartungen, Erfahrungen und Emotionen -- $tVom »Wunder« zur »Zahl«? -- $tVon der Großen Depression zur Großen Rezession -- $tNarrative in der Eurokrise - Implikationen für die Wirtschaftspolitik -- $tVom Anfang und Ende des Kapitalismus -- $tBiographische Informationen und Abstracts 330 $aDie vielfa?ltigen A?ußerungsformen der ju?ngsten Wirtschaftskrisen und die derzeitigen Herausforderungen in Europa machen die Notwendigkeit deutlich, die nach wie vor als rational geltende O?konomie auf ihre parallel ausgebildete »stark spezialisierte emotionale Kultur« (Eva Illouz) hin zu untersuchen. Diese a?ußert sich vor allem in Krisendiskursen in Politik, Presse, Wirtschaft oder Literatur, in denen Emotionen besonders deutlich als kollektive »Form der Geisteshaltung bzw. der Einstellung zur Welt« (Richard Wollheim) sichtbar werden. Die Beitra?ger*innen des Bandes gehen den emotionalen Dimensionen dieser Krisendiskurse in Vergangenheit und Gegenwart aus den Perspektiven von Soziologie, O?konomik, Kultur-, Geschichts- und Literaturwissenschaft nach. 410 0$aEdition Kulturwissenschaft 606 $aWirtschaft; Emotion; Finanzkrise; Wa?hrung; Krise; Kultur; Europa; O?konomie; Presse; Politik; Diskurs; Literatur; Kulturgeschichte; Wirtschaftsgeschichte; Emotionsgeschichte; Wirtschaftssoziologie; Kapitalismus; Kulturwissenschaft; Economy; Crisis; Culture; Europe; Press; Politics; Discourse; Literature; Cultural History; Economic History; History of Emotions; Economic Sociology; Capitalism; Cultural Studies; 610 $aCapitalism. 610 $aCrisis. 610 $aCultural History. 610 $aCultural Studies. 610 $aCulture. 610 $aDiscourse. 610 $aEconomic History. 610 $aEconomic Sociology. 610 $aEmotion. 610 $aEurope. 610 $aHistory of Emotions. 610 $aLiterature. 610 $aPolitics. 610 $aPress. 615 4$aWirtschaft; Emotion; Finanzkrise; Wa?hrung; Krise; Kultur; Europa; O?konomie; Presse; Politik; Diskurs; Literatur; Kulturgeschichte; Wirtschaftsgeschichte; Emotionsgeschichte; Wirtschaftssoziologie; Kapitalismus; Kulturwissenschaft; Economy; Crisis; Culture; Europe; Press; Politics; Discourse; Literature; Cultural History; Economic History; History of Emotions; Economic Sociology; Capitalism; Cultural Studies; 676 $a338.542 700 $aZiethen$b Sanne$4auth$01434224 702 $aZiethen$b Sanne$pUniversita?t Hildesheim$4edt 702 $aPeter$b Nina$pUniversita?t Bern$4edt 712 02$aInstitut für Geschichte (IfG), Stiftung Universität Hildesheim$4fnd$4http://id.loc.gov/vocabulary/relators/fnd 801 0$bDE-B1597 801 1$bDE-B1597 906 $aBOOK 912 $a996423849203316 996 $aWa?hrung - Krise - Emotion$93586952 997 $aUNISA